<?xml version="1.0" encoding="UTF-8"?>
<record
    xmlns:xsi="http://www.w3.org/2001/XMLSchema-instance"
    xsi:schemaLocation="http://www.loc.gov/MARC21/slim http://www.loc.gov/standards/marcxml/schema/MARC21slim.xsd"
    xmlns="http://www.loc.gov/MARC21/slim">

  <leader>02975nam a2200409 c 4500</leader>
  <controlfield tag="001">193200</controlfield>
  <controlfield tag="003">SpMaBN</controlfield>
  <controlfield tag="005">20250804062804.0</controlfield>
  <controlfield tag="007">ta</controlfield>
  <controlfield tag="008">231003s2023    sp     | |||| 000 0 spa  </controlfield>
  <datafield tag="017" ind1=" " ind2=" ">
    <subfield code="a">B 728-2023</subfield>
    <subfield code="b">Oficina Dep&#xF3;sito Legal Barcelona</subfield>
  </datafield>
  <datafield tag="020" ind1=" " ind2=" ">
    <subfield code="a">9788430625741</subfield>
  </datafield>
  <datafield tag="035" ind1=" " ind2=" ">
    <subfield code="a">a7246162</subfield>
  </datafield>
  <datafield tag="040" ind1=" " ind2=" ">
    <subfield code="a">SpMaBN</subfield>
    <subfield code="b">spa</subfield>
    <subfield code="c">SpMaBN</subfield>
    <subfield code="e">rda</subfield>
  </datafield>
  <datafield tag="080" ind1=" " ind2=" ">
    <subfield code="a">1</subfield>
  </datafield>
  <datafield tag="100" ind1="1" ind2=" ">
    <subfield code="a">Eilenberger, Wolfram,</subfield>
    <subfield code="9">234302</subfield>
    <subfield code="e">aut</subfield>
    <subfield code="d">1972-</subfield>
  </datafield>
  <datafield tag="245" ind1="1" ind2="1">
    <subfield code="a">&#xBF;Sufren las piedras? :</subfield>
    <subfield code="b">peque&#xF1;o manual filos&#xF3;fico /</subfield>
    <subfield code="c">Wolfram Eilenberger ; traducci&#xF3;n de Carlos Fortea</subfield>
  </datafield>
  <datafield tag="250" ind1=" " ind2=" ">
    <subfield code="a">Primera edici&#xF3;n: marzo de 2023</subfield>
  </datafield>
  <datafield tag="260" ind1=" " ind2=" ">
    <subfield code="a">[Barcelona] :</subfield>
    <subfield code="b">Taurus, </subfield>
    <subfield code="c">2023</subfield>
  </datafield>
  <datafield tag="300" ind1=" " ind2=" ">
    <subfield code="a">150 p. ; </subfield>
    <subfield code="c">24 cm</subfield>
  </datafield>
  <datafield tag="336" ind1=" " ind2=" ">
    <subfield code="a">Texto</subfield>
    <subfield code="2">rdacontent</subfield>
  </datafield>
  <datafield tag="337" ind1=" " ind2=" ">
    <subfield code="a">sin mediaci&#xF3;n</subfield>
    <subfield code="2">rdamedia</subfield>
  </datafield>
  <datafield tag="338" ind1=" " ind2=" ">
    <subfield code="a">volumen</subfield>
    <subfield code="2">rdacarrier</subfield>
  </datafield>
  <datafield tag="500" ind1=" " ind2=" ">
    <subfield code="a">&#xCD;ndice</subfield>
  </datafield>
  <datafield tag="504" ind1=" " ind2=" ">
    <subfield code="a">Bibliograf&#xED;a: p&#xE1;ginas [147]-150</subfield>
  </datafield>
  <datafield tag="520" ind1=" " ind2=" ">
    <subfield code="a">A veces intentamos ver el mundo con mirada infantil. Al hacerlo, nos topamos con algunas preguntas fundamentales, esas preguntas que los peque&#xF1;os se hacen sin miedo y que en cambio los adultos a menudo olvidamos o dejamos que queden ocultas tras el ritmo fren&#xE9;tico de la actividad diaria. &#xBF;C&#xF3;mo responder cuando una hija quiere saber si sus padres la quieren tal como es, o si se esperaban otra cosa? &#xBF;C&#xF3;mo explicar qu&#xE9; son la vida y la muerte, por qu&#xE9; las piedras no sienten dolor y los animales no hablan? &#xBF;Qu&#xE9; significa cumplir una promesa? &#xBF;Qu&#xE9; representan los amigos imaginarios con los que jugamos de ni&#xF1;os? La filosof&#xED;a es esto: asombro y descubrimiento del mundo. Y las preguntas a veces cuentan incluso m&#xE1;s que las respuestas.

Leemos cuentos a nuestros hijos, jugamos y hablamos con ellos, nos preocupamos por ellos o discutimos con ellos sobre el desorden de la habitaci&#xF3;n y para que se coman lo que hay en el plato. Y no solemos reparar en el hecho de que las preguntas que les surgen rara vez son tan inofensivas como parecen. &#xBF;Por qu&#xE9; hay que servir la sopa con cuchara, disculparse o mantener el orden? &#xBF;Qui&#xE9;n dice lo que est&#xE1; escrito en nuestros libros? &#xBF;Qu&#xE9; significa eso de yo y t&#xFA;? Lo m&#xE1;s cotidiano puede ser un excelente punto de partida para las incursiones filos&#xF3;ficas de Wolfram Eilenberger. &#xBF;Sufren las piedras? nos muestra una faceta nueva, refrescante y sorprendente de este autor. Este libro divertido, inspirador y repleto de humor nos contagia la curiosidad infantil por la sabidur&#xED;a.</subfield>
  </datafield>
  <datafield tag="650" ind1=" " ind2="7">
    <subfield code="a">Filosof&#xED;a</subfield>
    <subfield code="2">embne</subfield>
    <subfield code="9">12802</subfield>
  </datafield>
  <datafield tag="700" ind1="1" ind2=" ">
    <subfield code="a">Fortea, Carlos,</subfield>
    <subfield code="d">1963-</subfield>
    <subfield code="e">trl</subfield>
    <subfield code="9">51844</subfield>
  </datafield>
  <datafield tag="852" ind1=" " ind2=" ">
    <subfield code="a">ES-MaACL</subfield>
    <subfield code="9">200580 </subfield>
    <subfield code="b">R.154589</subfield>
    <subfield code="j">N-9348</subfield>
    <subfield code="c">DEPOJ</subfield>
    <subfield code="h">Donaci&#xF3;n: Carlos Fortea</subfield>
    <subfield code="x">Encuadernaci&#xF3;n r&#xFA;stica con solapas</subfield>
  </datafield>
  <datafield tag="903" ind1=" " ind2=" ">
    <subfield code="a">Fortea, Carlos,</subfield>
    <subfield code="d">1963-</subfield>
    <subfield code="e">dnr</subfield>
    <subfield code="9">51844</subfield>
  </datafield>
  <datafield tag="942" ind1=" " ind2=" ">
    <subfield code="n">0</subfield>
    <subfield code="c">MONOGRAFIA</subfield>
  </datafield>
  <datafield tag="999" ind1=" " ind2=" ">
    <subfield code="c">193200</subfield>
    <subfield code="d">193200</subfield>
  </datafield>
  <datafield tag="952" ind1=" " ind2=" ">
    <subfield code="0">0</subfield>
    <subfield code="1">0</subfield>
    <subfield code="2">udc</subfield>
    <subfield code="4">0</subfield>
    <subfield code="7">0</subfield>
    <subfield code="a">ATENEOM</subfield>
    <subfield code="b">ATENEOM</subfield>
    <subfield code="c">DEPOJ</subfield>
    <subfield code="d">2023-10-03</subfield>
    <subfield code="e">DONACION</subfield>
    <subfield code="j">1</subfield>
    <subfield code="l">0</subfield>
    <subfield code="o">N-9348</subfield>
    <subfield code="p">101205875</subfield>
    <subfield code="r">2023-10-03 00:00:00</subfield>
    <subfield code="y">MONOGRAFIA</subfield>
  </datafield>
</record>
